| 000 | 01602nam0a22003251 4500 | ||
|---|---|---|---|
| 001 | rc\2282918 | ||
| 005 | 20110829191753.6 | ||
| 035 | _a(NLR Aleph) 006562001 | ||
| 090 |
_a6853560 _c6853560 |
||
| 100 | _a20110829d1976 |||y0rusy50 ca | ||
| 101 | 0 | _arus | |
| 102 | _aRU | ||
| 105 | _aa z ||||| | ||
| 200 | 1 |
_aОпыт работы Сарыджазской экспедиции по организации централизованного электроснабжения при проходке горных выработок _fВ.В. Алексеев, С.А. Сарбагишев, Н.И. Конкин _gВсесоюз. науч.-исслед. ин-т экономики минер. сырья и геол.-развед. работ. Отраслевой центр научно-технической информации |
|
| 210 |
_aМосква _cВИЭМС _d1976 |
||
| 215 |
_a21 с. _cил. _d20 |
||
| 225 | 1 | _aБиблиотечка передового опыта | |
| 300 | _aНа обл. авт. не указаны | ||
| 606 |
_aГеологические организации _xЭлектроснабжение _2psbo |
||
| 606 |
_aПроходка горных выработок _xРасход электроэнергии _2psbo |
||
| 686 |
_aИ15-421.2 _2rubbk |
||
| 700 | 1 |
_aАлексеев _bВ. В. _gВиталий Васильевич |
|
| 701 | 1 |
_aСарбагишев _bС. А. |
|
| 701 | 1 |
_aКонкин _bН. И. |
|
| 801 | 0 |
_aRU _bNLR _gpsbo |
|
| 801 | 1 |
_aRU _bELAR _2rusmarc |
|
| 852 |
_aNLR _j77-4/2379 |
||
| 899 |
_aRuMoRGB _jM 76-12/990 |
||
| 942 | _cBOOK | ||
| 980 | _aNB | ||